<?xml version="1.0" encoding="UTF-8"?>
<marc:record xmlns:marc="http://www.loc.gov/MARC21/slim">
   <marc:leader>00000nam a2200000 a 4500</marc:leader>
   <marc:datafield ind1="1" ind2=" " tag="100">
      <marc:subfield code="a">Hamilton, Ian</marc:subfield>
      <marc:subfield code="4">aut</marc:subfield>
      <marc:subfield code="e">Verfasser/-in</marc:subfield>
   </marc:datafield>
   <marc:datafield ind1="1" ind2=" " tag="100">
      <marc:subfield code="a">Jakob, Simone</marc:subfield>
      <marc:subfield code="4">trl</marc:subfield>
      <marc:subfield code="e">Übersetzer/-in</marc:subfield>
   </marc:datafield>
   <marc:datafield ind1="1" ind2=" " tag="100">
      <marc:subfield code="a">Hamilton, Ian</marc:subfield>
   </marc:datafield>
   <marc:datafield ind1="0" ind2="0" tag="245">
      <marc:subfield code="a">Die Wasserratte von Wanchai</marc:subfield>
   </marc:datafield>
   <marc:datafield ind1="0" ind2="0" tag="245">
      <marc:subfield code="b">Kriminalroman</marc:subfield>
   </marc:datafield>
   <marc:datafield ind1="0" ind2="0" tag="245">
      <marc:subfield code="c">Ian Hamilton. Aus dem Engl. von Simone Jakob</marc:subfield>
   </marc:datafield>
   <marc:datafield ind1=" " ind2="1" tag="264">
      <marc:subfield code="a">Zürich</marc:subfield>
      <marc:subfield code="b">Kein &amp; Aber</marc:subfield>
      <marc:subfield code="c">2011</marc:subfield>
   </marc:datafield>
   <marc:datafield ind1=" " ind2=" " tag="250">
      <marc:subfield code="a">Erstausg.</marc:subfield>
   </marc:datafield>
   <marc:datafield ind1="1" ind2=" " tag="520">
      <marc:subfield code="a">Angaben aus der Verlagsmeldung

Die Wasserratte von Wanchai : Kriminalroman Hamilton, Wasserratte von Wanchai / von Ian Hamilton

Die Wasserratte von Wanchai ist der
Auftakt zu Ian Hamiltons weltweit gefeierter
Krimireihe mit der hinreißenden,
chinesisch-kanadischen Agentin Ava Lee

Die Kosmopolitin und auf Geldeintreibungen spezialisierte
Agentin Ava Lee lässt sich von niemandem einschüchtern.
Mit messerscharfem Verstand und unkonventionellen
Ermittlungsmethoden hat sie bisher noch jeden
Fall gelöst. Ihr Auftraggeber: ein mächtiger, dubioser und
im Untergrund weltweit vernetzter Mann aus Hongkong.
Ihr Auftrag: Sie soll einem alten Freund helfen, dessen
Neffe um fünf Millionen Dollar betrogen wurde.

Ian Hamilton schickt uns mit seiner Figur Ava Lee
rund um den Globus, deckt die internationale Verflechtung
diverser Finanzmärkte auf und hat eine moderne Heldin
geschaffen, deren Ausstrahlung sich weder Männer noch
Frauen entziehen können.
</marc:subfield>
   </marc:datafield>
   <marc:datafield ind1=" " ind2=" " tag="020">
      <marc:subfield code="a">9783036956053</marc:subfield>
      <marc:subfield code="9">9783036956053</marc:subfield>
   </marc:datafield>
   <marc:datafield ind1=" " ind2=" " tag="020">
      <marc:subfield code="a">3036956050</marc:subfield>
      <marc:subfield code="9">3036956050</marc:subfield>
   </marc:datafield>
   <marc:datafield ind1=" " ind2=" " tag="041">
      <marc:subfield code="a">ger</marc:subfield>
   </marc:datafield>
   <marc:datafield ind1=" " ind2=" " tag="300">
      <marc:subfield code="a">425 S.</marc:subfield>
   </marc:datafield>
</marc:record>
